Statistics for Top 100 Players 2024: NBA

Click here to take the quiz!

General Stats

  • This quiz has been taken 58 times
  • The average score is 73 of 100

Answer Stats

RankTeamPlayer% Correct
3BucksGiannis Antetokounmpo
100%
25CelticsJaylen Brown
100%
7CelticsJayson Tatum
100%
576ersJoel Embiid
100%
9SunsKevin Durant
100%
12LakersLeBron James
100%
2MavericksLuka Doncic
100%
1NuggetsNikola Jokic
100%
21ClippersPaul George
100%
8WarriorsStephen Curry
100%
14TimberwolvesAnthony Edwards
98%
11SunsDevin Booker
98%
24KingsDomantas Sabonis
98%
19CavaliersDonovan Mitchell
98%
31GrizzliesJa Morant
98%
6ClippersKawhi Leonard
98%
30MavericksKyrie Irving
98%
4ThunderShai Gilgeous-Alexander
98%
20PelicansZion Williamson
98%
10LakersAnthony Davis
96%
23HeatBam Adebayo
96%
26BucksDamian Lillard
96%
22KingsDeAaron Fox
96%
53HawksDejounte Murray
96%
13KnicksJalen Brunson
96%
18NuggetsJamal Murray
96%
15HeatJimmy Butler
96%
27TimberwolvesKarl-Anthony Towns
96%
35HawksTrae Young
96%
17PacersTyrese Haliburton
96%
3276ersTyrese Maxey
96%
16SpursVictor Wembanyama
96%
50WarriorsDraymond Green
94%
66RocketsJalen Green
94%
37ThunderJalen Williams
94%
34TimberwolvesRudy Gobert
94%
29PelicansBrandon Ingram
91%
56HornetsLaMelo Ball
91%
28JazzLauri Markkanen
91%
58PistonsCade Cunningham
89%
49BullsDeMar DeRozan
89%
39CelticsKristaps Porzingis
89%
38ClippersJames Harden
87%
33MagicPaolo Banchero
87%
40PacersPascal Siakam
87%
41ThunderChet Holmgren
85%
51CavaliersDarius Garland
85%
44KnicksJulius Randle
85%
67BullsCoby White
83%
42CelticsDerrick White
83%
45GrizzliesJaren Jackson Jr.
83%
60BucksKhris Middleton
83%
36RaptorsScottie Barnes
83%
78BullsZach Lavine
83%
61RocketsFred VanVleet
81%
57NuggetsAaron Gordon
79%
65SunsBradley Beal
79%
59CavaliersEvan Mobley
79%
63NuggetsMichael Porter Jr.
79%
52NetsMikal Bridges
79%
55MagicFranz Wagner
77%
100SunsGrayson Allen
77%
48CavaliersJarrett Allen
77%
62BucksBrook Lopez
74%
47CelticsJrue Holiday
72%
46GrizzliesDesmond Bane
70%
76HeatTyler Herro
70%
80PacersMyles Turner
66%
77LakersAustin Reaves
60%
83LakersD'Angelo Russell
60%
54KnicksOG Anunoby
60%
85WizardsKyle Kuzma
57%
87GrizzliesMarcus Smart
55%
82RocketsDillon Brooks
53%
93RocketsJabari Smith Jr.
53%
94TimberwolvesMike Conley
53%
72BlazersAnfernee Simons
51%
73TimberwolvesJaden McDaniels
51%
74MagicJalen Suggs
51%
92RaptorsRJ Barrett
51%
9076ersTobias Harris
51%
96JazzCollin Sexton
49%
84NuggetsKentavious Caldwell-Pope
49%
68BullsAlex Caruso
47%
97HeatTerry Rozier
47%
75SpursDevin Vassell
45%
70BlazersJerami Grant
45%
88RaptorsImmanuel Quickley
36%
95NetsNic Claxton
36%
64PelicansCJ Mcollum
23%
79TimberwolvesNaz Reid
23%
43RocketsAlperen Sengun
15%
99HornetsBrandon Miller
9%
71HawksJalen Johnson
4%
69PelicansHerb Jones
2%
81WarriorsJonathan Kuminga
2%
91TrailblazersMalcom Brogdon
2%
98KnicksIsiaiah Hartenstein
0%
89ClippersNorm Powell
0%
86PelicansTrey Murphy III
0%

Score Distribution

Percentile by Number Answered

Percent of People with Each Score

Your Score History

You have not taken this quiz